Les Grandes Dates de l'Histoire - Statistiques

Statistiques générales
  • Ce quiz a été pris 569 fois
  • Le résultat moyen est 33 sur 52
Statistiques - réponses
Réponse % Correct
2001
94%
11
91%
1989
91%
Septembre
91%
1945
88%
2015
85%
2015
83%
1945
82%
1945
82%
1944
81%
1914
78%
1940
78%
1945
78%
1969
78%
1789
77%
1939
76%
Novembre
75%
1492
74%
Juillet
73%
14
72%
1941
72%
13
69%
Juin
68%
Juin
68%
Août
65%
Janvier
65%
Mai
65%
1918
64%
Août
64%
18
63%
8
63%
6
62%
Novembre
59%
Novembre
58%
11
57%
1986
56%
6
55%
9
55%
Septembre
54%
7
51%
Septembre
51%
9
48%
1
46%
2
42%
Décembre
42%
Juillet
42%
476
39%
7
36%
1453
31%
21
30%
Avril
28%
26
23%
Aucun quiz correspondant
Distribution des résultats
% des personnes avec chaque résultat
Percentile par nombre de réponses
Votre historique - résultats
Vous n’avez pas pris ce quiz